Research for development: a practical guide (Record no. 7272)
[ view plain ]
| 000 -LEADER | |
|---|---|
| fixed length control field | 00579 a2200181 4500 |
| 020 ## - INTERNATIONAL STANDARD BOOK NUMBER | |
| International Standard Book Number | 0761973265 |
| 020 ## - INTERNATIONAL STANDARD BOOK NUMBER | |
| International Standard Book Number | 0761973273 |
| 040 ## - CATALOGING SOURCE | |
| Original cataloging agency | DLC |
| Language of cataloging | DLC |
| 082 ## - DEWEY DECIMAL CLASSIFICATION NUMBER | |
| Classification number | 338.90072 |
| 100 1# - MAIN ENTRY--PERSONAL NAME | |
| Personal name | Laws, Sophie. |
| 245 10 - TITLE STATEMENT | |
| Title | Research for development: a practical guide |
| Remainder of title | a practical guide |
| Statement of responsibility, etc. | Sophie Laws |
| 260 ## - PUBLICATION, DISTRIBUTION, ETC. | |
| Place of publication, distribution, etc. | London : |
| Name of publisher, distributor, etc. | SAGE, |
| Date of publication, distribution, etc. | 2003. |
| 300 ## - PHYSICAL DESCRIPTION | |
| Extent | 475 p. : |
| Other physical details | ill. |
| 500 ## - GENERAL NOTE | |
| General note | Published in association with the Save the Children Fund. |
| 650 #0 - SUBJECT ADDED ENTRY--TOPICAL TERM | |
| Topical term or geographic name entry element | Economic development |
| General subdivision | Research |
| -- | Methodology. |
| 710 2# - ADDED ENTRY--CORPORATE NAME | |
| Corporate name or jurisdiction name as entry element | Save the Children Fund (Great Britain) |
| 942 ## - ADDED ENTRY ELEMENTS (KOHA) | |
| Koha item type | Book |
| Call number prefix | 338.90072 LAW |
| Source of classification or shelving scheme | |
| Withdrawn status | Lost status | Damaged status | Not for loan | Collection code | Permanent Location | Current Location | Shelving location | Date acquired | Source of acquisition | Cost, normal purchase price | Total Checkouts | Total Renewals | Full call number | Barcode | Date last seen | Date last checked out | Price effective from | Koha item type |
|---|---|---|---|---|---|---|---|---|---|---|---|---|---|---|---|---|---|---|
| Central Library (CL) | Central Library (CL) | General Stacks | 05/19/2014 | Allied Book Company | 660.15 | 1 | 1 | 338.90072 LAW | SEECS005780 | 12/19/2024 | 09/10/2024 | 01/05/2017 | Book |
